Crisis y nuevos patrones de consumo: discursos sociales acerca del consumo ecológico en el ámbito de las grandes ciudades españolas (Record no. 172856)

MARC details
000 -CABECERA
campo de control de longitud fija 02268nab a2200313 a 4500
005 - FECHA Y HORA DE LA ÚLTIMA TRANSACCIÓN
campo de control 20210219162247.0
008 - ELEMENTOS DE LONGITUD FIJA--INFORMACIÓN GENERAL
campo de control de longitud fija 991125s1985 mx 000 0 spa u
035 ## - NÚMERO DE CONTROL DEL SISTEMA
Número de control de sistema UPN01000200755
049 ## - COLECCIÓN
Colección ART-E
100 1# - ASIENTO PRINCIPAL--NOMBRE PERSONAL
Nombre de persona Enrique Alonso, Luis
100 1# - ASIENTO PRINCIPAL--NOMBRE PERSONAL
Nombre de persona Fernández Rodríguez, Carlos Jesús
100 1# - ASIENTO PRINCIPAL--NOMBRE PERSONAL
Nombre de persona Ibáñez Rojo, Rafael
222 00 - TÍTULO CLAVE
Título clave EMPIRIA :
Información calificativa REVISTA DE METODOLOGIA DE LAS CIENCIAS SOCIALES
245 00 - MENCIÓN DE TÍTULO
Título Crisis y nuevos patrones de consumo: discursos sociales acerca del consumo ecológico en el ámbito de las grandes ciudades españolas
260 ## - PUBLICACIÓN, DISTRIBUCIÓN, ETC.
Lugar de publicación, distribución, etc. España
300 ## - DESCRIPCIÓN FÍSICA
Extensión 13-38
362 0# - FECHAS DE PUBLICACIÓN Y/O DESIGNACIÓN SECUENCIAL
Fecha de publicación y/o designación secuencial 2014 No. 29, sept.-dic.
336 ## - TIPO DE CONTENIDO
Término de tipo de contenido texto$2rdacontent
337 ## - TIPO DE MEDIO
Nombre/término del tipo de medio computadora$2rdamedia
338 ## - TIPO DE SOPORTE
Nombre/término del tipo de soporte recurso en linea$2rdacarrier
520 3# - NOTA DE RESUMEN, ETC.
Sumario, etc. La situación de profunda crisis económica que atraviesa España desde hace varios años está teniendo efectos significativos en las formas de relación de la ciudadanía con las prácticas de consumo. Una de las cuestiones más relevantes en este contexto tiene que ver con la posibilidad de un crecimiento de la conciencia medioambiental, ante la dificultad creciente para sostener los patrones consumistas de la época del boom, la popularización de nuevas pautas de consumo responsable y la creciente preocupación en relación a fenómenos como el cambio climático. En este artículo, nuestro objetivo específico es el de explorar las percepciones sociales en relación al denominado consumo ecológico, desde una perspectiva fundamentalmente cualitativa. Para ello, procederemos a realizar un análisis de los discursos generados en una serie de grupos de discusión, en el marco de una investigación más amplia sobre la relación entre consumo y crisis. Los resultados obtenidos parecen apuntar hacia las dificultades que presentan las opciones de consumo ecológicas de consolidarse en el imaginario del consumidor medio español, debido a una serie de razones que se describirán con detalle en nuestro trabajo.
653 0# - TERMINO DE INDIZACION - NO CONTROLADO
Término no controlado CONSUMO ECOLOGICO
653 0# - TERMINO DE INDIZACION - NO CONTROLADO
Término no controlado CONCIENCIA AMBIENTAL
653 0# - TERMINO DE INDIZACION - NO CONTROLADO
Término no controlado PERCEPCION SOCIAL
653 0# - TERMINO DE INDIZACION - NO CONTROLADO
Término no controlado CRISIS
856 4# - LOCALIZACIÓN Y ACCESO ELECTRÓNICOS
Identificador Uniforme del Recurso <a href="http://e-spacio.uned.es/revistasuned/index.php/empiria/article/view/12939">http://e-spacio.uned.es/revistasuned/index.php/empiria/article/view/12939</a>
905 ## - TIPO DE MATERIAL
Tipo de material Articulo

No items available.